MARC details
| 000 -LÍDER |
| campo de controle de tamanho fixo |
01457naa a22003617a 4500 |
| 001 - NÚMERO DE CONTROLE |
| campo de controle |
BR7703480 |
| 003 - IDENTIFICADOR DO NÚMERO DE CONTROLE |
| campo de controle |
BR-BrBNA |
| 005 - DATA E HORÁRIO DA ÚLTIMA TRANSAÇÃO |
| campo de controle |
20240918174014.0 |
| 007 - CAMPO FIXO DE DESCRIÇÃO FÍSICA--INFORMAÇÃO GERAL |
| campo de controle de tamanho fixo |
ta |
| 008 - CAMPO DE DADOS FIXOS--INFORMAÇÃO GERAL |
| campo de controle de tamanho fixo |
230509b bl.||||| |||| 00| 0 por d |
| 040 ## - FONTE DA CATALOGAÇÃO |
| Instituição da catalogação original |
BR-BrBNA |
| Idioma da catalogação |
por |
| Instituição que transcreveu o registro |
Biblioteca Nacional de Agricultura |
| 041 ## - CÓDIGO DE IDIOMA |
| Código do idioma do texto/trilha sonora ou título diferente |
(Pt) |
| 072 ## - CÓDIGO DE CATEGORIA DE ASSUNTO |
| Código de Categoria de Assunto |
Q20 |
| Código do objeto |
8100 |
| -- |
3730 |
| -- |
3910 |
| -- |
3715 |
| 090 ## - NÚMERO DE CHAMADA LOCAL |
| Número de chamada |
Q20 BR7703480 |
| 100 1# - ENTRADA PRINCIPAL--NOME PESSOAL |
| Nome pessoal |
Contreras, E.S. |
| 100 1# - ENTRADA PRINCIPAL--NOME PESSOAL |
| Nome pessoal |
Maracenbaum, E.D. |
| 100 1# - ENTRADA PRINCIPAL--NOME PESSOAL |
| Nome pessoal |
Park, Y. |
| 111 1# - ENTRADA PRINCIPAL--NOME DO EVENTO |
| Nome do evento ou lugar |
Reuniao Regional Sul da Sociedade Brasileira para o Progresso da Ciencia |
| Local do evento |
Florianopolis, SC (Brazil) |
| Data do evento ou assinatura do tratado |
9 May 1977 |
| 245 1# - TÍTULO |
| Título |
Emprego dos soluveis de pescado como meio de cultura para a producao de penicilina amidase e amiloglicosidase microbiana [Nutriente organico; Peixe; Amido; Antibiotico; Proteina; Enzima] |
| 260 3# - PUBLICAÇÃO, DISTRIBUIÇÃO, ETC. |
| Local de publicação, distribuição, etc. |
Florianopolis, SC (Brasil): |
| Data da publicação, distribuição, etc. |
1977. |
| 500 ## - NOTA GERAL |
| Nota geral |
Reuniao Regional Sul da Sociedade Brasileira para o Progresso da Ciencia. Resumos<br/>Florianopolis, SC (Brasil): 1977. p. 102<br/>(BR7703480-AM)Q20<br/> |
| 650 ## - ASSUNTO--TERMO TÓPICO |
| Cabeçalho tópico ou nome geográfico |
Microbiologia de alimento |
| 650 ## - ASSUNTO--TERMO TÓPICO |
| Cabeçalho tópico ou nome geográfico |
Peixe |
| 650 ## - ASSUNTO--TERMO TÓPICO |
| Cabeçalho tópico ou nome geográfico |
Penicilina |
| 650 ## - ASSUNTO--TERMO TÓPICO |
| Cabeçalho tópico ou nome geográfico |
Amilo-glucosidase |
| 650 ## - ASSUNTO--TERMO TÓPICO |
| Cabeçalho tópico ou nome geográfico |
Proteina |
| 650 ## - ASSUNTO--TERMO TÓPICO |
| Cabeçalho tópico ou nome geográfico |
Microrganismo |
| 650 ## - ASSUNTO--TERMO TÓPICO |
| Cabeçalho tópico ou nome geográfico |
Nutriente organico |
| 650 ## - ASSUNTO--TERMO TÓPICO |
| Cabeçalho tópico ou nome geográfico |
Fermentacao |
| 773 0# - ENTRADA ANALÍTICA |
| Título |
Reuniao Regional Sul da Sociedade Brasileira para o Progresso da Ciencia. Resumos |
| Número de controle do registro |
Q20 BR7703480 |
| Partes relacionadas |
Florianopolis, SC (Brasil), 1977. p. 102 |
| 909 ## - |
| -- |
202404 |
| -- |
Lucia |
| -- |
55 |
| -- |
Lucia Elande |
| 942 ## - ELEMENTOS DE ENTRADA ADICIONADOS (KOHA) |
| Tipo de material Koha |
Capítulo-Livro |
| Fonte da classificação ou esquema de arquivamento na estante |
Classificação AGRIS |